Marine chemistry : an environmental analytical chemistry approach
Αποθηκεύτηκε σε:
| Συγγραφή απο Οργανισμό/Αρχή: | |
|---|---|
| Άλλοι συγγραφείς: | , , |
| Μορφή: | Πρακτικό Συνεδρίου Βιβλίο |
| Γλώσσα: | English |
| Δημοσίευση: |
Dordrecht :
Kluwer Academic,
c1997
|
| Σειρά: | Water science and technology library ;
; 25 |
| Θέματα: | |
| Ετικέτες: |
Προσθήκη ετικέτας
Δεν υπάρχουν, Καταχωρήστε ετικέτα πρώτοι!
|
MARC
| LEADER | 00000nam a2200000 i 4500 | ||
|---|---|---|---|
| 001 | 1/92034 | ||
| 008 | 080819s1997 eng d | ||
| 020 | |a 0-7923-4622-X | ||
| 035 | |l 10099450 | ||
| 040 | |a GR-MY-UA |b gre |e aacr | ||
| 041 | 0 | |a eng | |
| 082 | 0 | |a 551.4601 |2 (22) | |
| 245 | 1 | 0 | |a Marine chemistry : |b an environmental analytical chemistry approach / |c edited by Antonio Gianguzza, Ezio Pelizzetti, and Silvio Sammartano |
| 260 | |a Dordrecht : |b Kluwer Academic, |c c1997 | ||
| 300 | |a vi, 407 σ.; |b εικ.; |c 25 εκ. | ||
| 490 | 1 | |a Water science and technology library |v ; 25 | |
| 500 | |a Εργασίες από το International School on Marine Chemistry, που πραγματοποιήθηκε τον Σεπτέμβριο 14-20, 1996 στο Παλέρμο, Ιταλία | ||
| 504 | |a Περιέχει βιβλιογραφικές παραπομπές και ευρετήριο | ||
| 650 | 0 | 0 | |a Chemical oceanography |x Congresses. |
| 700 | 1 | |a Gianguzza, Antonio. |4 edt | |
| 700 | 1 | |a Pelizzetti, Ezio |d 1944- |4 edt | |
| 700 | 1 | |a Sammartano, Silvio. |4 edt | |
| 711 | 2 | |a International School on Marine Chemistry |d (1996: |c Palermo, Italy) | |
| 830 | 0 | |a Water science and technology library ; |v ; 25 | |
| 852 | |a INST |b LESVOS |e 20080819 |h 551.4601 MAR |p 005100041991 |q 005100041991 |t BK |y 0 | ||
| 901 | |a BIBL1-2008-2 | ||
| 909 | |a Λ |b 145210 | ||
| 922 | |a 1ΕΛΗ |b 200801 |c ΕΠΕΑΕΚ2/ΤΕΘ |d ΕΛΕΥΘΕΡΟΥΔΑΚΗΣ | ||
| 970 | |a ΚΑΡΑ |b ΓΙΑΣΕΜΗ |z 2008/08/19 | ||